000 00747nam a2200217 i 4500
001 132648
003 ES-MaACL
005 20230906194223.0
007 t|
008 070214s1959 sp r ||||1| spa d
100 1 _aRoos, Heinrich.
_999525
245 1 0 _aSoren Kierkegaard y el catolicismo /
_cpor Heinrich Roos, S. I. ; traducción de Javier Oyarzun.
260 _aMadrid :
_bRazón y Fe,
_c1959.
300 _a109 p. ;
_c19 cm.
490 1 _aBiblioteca Razón y Fe de cuestiones actuales ;
_v40
600 1 4 _aKierkegaard, Søren (
_d1813-1855)
_968014
700 1 _aOyarzun, Javier.
_988051
830 0 _aBiblioteca Razón y Fe de cuestiones actuales ;
_v40
_9182379
852 _aES-MaACL
_jC-17505
_bR.45232
999 _c132648
_d132648